000 01256nem0a2200325 4500
001 RU\NLR\BIBL_A\011652266
005 20180410133120.0
010 _a978-5-906964-63-2
_d5000 экз.
021 _aRU
_bКН-П-18-008400
_9КН-П-18-0587
035 _a(NLR Aleph) 011652266
035 _a(RuMoRGB)009534995
090 _a11134513
_c11134513
100 _a20180305d2013 c y0rusy50 ca
101 0 _arus
102 _aRU
120 _abya xx||
123 0 _aa
200 1 _aАтлас Мира с наклейками. Музыкальные инструменты
_bКарты
_fРед. Н. Псарева
206 _a[Без М-ба]
210 _aРостов-на-Дону
_cГеоДом
_d2017
215 _a1 атл (17с.; [2] л. наклеек)
_cцв. ил.
_d21х30 см
509 0 1 _7ca
_aМир
_92633185
_3RU\NLR\auth_crt\551
606 1 _aМузыкальные инструменты
_jАтласы для детей
_91306554
_3RU\NLR\AUTH\66224590
608 _aИллюстрированные атласы
_92313621
_3RU\NLR\AUTH\6601609963
686 _aШ9:Щ31(2)
_2rubbk
702 1 _aПсарева
_gНаталья
_4340
852 _aNLR
_bК
_j4-Мир 6/4513
_m88943
942 _cMAP
980 _aNB